Devízový trh na Slovensku v roku 1998

Zrušenie menového koša a fluktuačného pásma slovenskej koruny. Percentuálne znehodnotenie jednotlivých mien k SKK v roku 1998. Vývoj kurzov USD//SKK a DEM/SKK v roku 1998. Pád koruny 1. októbra 1998. Obchodné objemy na slovenskom devízovom trhu v rokoch 1996,1997 a 1998.

Gespeichert in:
Bibliographische Detailangaben
1. Verfasser: Macko, Martin
Format: Buchkapitel
Sprache:Slowakisch
Schlagworte:
Tags: Tag hinzufügen
Keine Tags, Fügen Sie das erste Tag hinzu!

MARC

LEADER 00000naa a2200000 4500
001 r033992
005 20230919123806.4
041 0 |a slo 
044 |a SK 
245 1 0 |a Devízový trh na Slovensku v roku 1998  |c Martin Macko 
520 |a Zrušenie menového koša a fluktuačného pásma slovenskej koruny. Percentuálne znehodnotenie jednotlivých mien k SKK v roku 1998. Vývoj kurzov USD//SKK a DEM/SKK v roku 1998. Pád koruny 1. októbra 1998. Obchodné objemy na slovenskom devízovom trhu v rokoch 1996,1997 a 1998. 
610 2 0 |a trh devízový 
610 2 0 |a pásmo fluktuačné 
610 2 0 |a devalvácia 
610 2 0 |a kríza finančná 
610 2 0 |a kurz devízový 
610 2 0 |a kurz menový 
610 2 0 |a Slovensko 
100 1 |a Macko, Martin